[Event "CRO-ch U15"]
[Site "Trogir"]
[Date "2021.06.21"]
[Round "5"]
[White "Begic, Klara"]
[Black "Turkalj, Ivana Emili"]
[Result "1-0"]
[WhiteElo "1521"]
[BlackElo "1073"]
[PlyCount "93"]
[EventDate "2021.06.18"]
[EventType "swiss"]
[EventRounds "9"]
[EventCountry "CRO"]
[SourceTitle "EXT 2022"]
[Source "ChessBase"]
[SourceDate "2021.10.06"]
[SourceVersion "1"]
[SourceVersionDate "2021.10.06"]
[SourceQuality "1"]

1. c4 e6 2. Nc3 c5 3. e3 d6 4. Nf3 Nf6 5. d4 cxd4 6. exd4 Be7 7. Be2 Nbd7 8. 0-0 0-0 9. b3 b6 10. Bb2 Bb7 11. Ng5 Qc7 12. Bf3 h6 13. Bxb7 Qxb7 14. Nf3 d5 15. Ne5 Rac8 16. cxd5 Nxd5 17. Qf3 Nxe5 18. dxe5 Qc6 19. Ne4 Rc7 20. Qg3 Kh7 21. Rac1 Qd7 22. Rxc7 Qxc7 23. Rc1 Qd7 24. Nd6 Bxd6 25. exd6 f6 26. h3 Rd8 27. Ba3 b5 28. Bc5 Rc8 29. Qd3+ Kh8 30. Qd2 Rc6 31. b4 Nc7 32. Qe3 Nd5 33. Qd4 Nb6 34. Rd1 Nc4 35. a4 a6 36. axb5 axb5 37. Ra1 Nxd6 38. Rd1 e5 39. Qd5 Qc8 40. Bxd6 Rc1 41. Bc5 Rxd1+ 42. Qxd1 Qf5 43. Qd8+ Kh7 44. Qd5 Qb1+ 45. Kh2 Qf5 46. Be3 Qg6 47. Qxb5 1-0

[Event "CRO-chT U16 29th"]
[Site "Sesvete"]
[Date "2020.06.27"]
[Round "4.3"]
[White "Martic, Filip"]
[Black "Turkalj, Ivana Emili"]
[Result "1-0"]
[WhiteElo "1656"]
[BlackElo "1119"]
[PlyCount "116"]
[EventDate "2020.06.20"]
[EventType "team-tourn"]
[EventRounds "9"]
[EventCountry "CRO"]
[SourceTitle "EXT 2021"]
[Source "ChessBase"]
[SourceDate "2020.10.23"]
[SourceVersion "1"]
[SourceVersionDate "2020.10.23"]
[SourceQuality "1"]
[WhiteTeam "Sesvete Agroproteinka"]
[BlackTeam "Krizevci"]
[WhiteTeamCountry "CRO"]
[BlackTeamCountry "CRO"]

1. d4 e6 2. Nf3 c5 3. e3 cxd4 4. exd4 Nf6 5. Bg5 Be7 6. Nbd2 d6 7. Bd3 Nbd7 8. 0-0 b6 9. Re1 0-0 10. c4 Bb7 11. Rc1 Nh5 12. Bxe7 Qxe7 13. Qc2 Ndf6 14. Ne4 Nf4 15. Nxf6+ Qxf6 16. Bxh7+ Kh8 17. Be4 Bxe4 18. Qxe4 Ng6 19. b3 Qf4 20. Qxf4 Nxf4 21. Re4 Nd3 22. Rd1 Nb4 23. Rd2 Rac8 24. Ng5 Kg8 25. f4 d5 26. cxd5 exd5 27. Re7 Nc6 28. Rd7 Rcd8 29. Rxd8 Rxd8 30. Nf3 Rc8 31. Rc2 Ne7 32. Rxc8+ Nxc8 33. Ne5 Nd6 34. Nc6 a5 35. Ne7+ Kf8 36. Nxd5 b5 37. Nc7 Ke7 38. Kf1 Kd7 39. Nd5 Kc6 40. Nc3 b4 41. Ne2 Kd5 42. Ke1 Nf5 43. Kd2 Nxd4 44. Ng3 Ne6 45. Ke3 f6 46. Ne2 g5 47. h3 Ng7 48. g4 Ne6 49. Kf3 Nd4+ 50. Nxd4 Kxd4 51. fxg5 fxg5 52. h4 gxh4 53. g5 Ke5 54. Kg4 h3 55. Kxh3 Kf5 56. Kh4 Kg6 57. Kg4 Kg7 58. Kf5 Kf7 1-0

[Event "CRO-chT U16 29th"]
[Site "Sesvete"]
[Date "2020.06.20"]
[Round "1.3"]
[White "Turkalj, Ivana Emili"]
[Black "Sokec, Karlo"]
[Result "0-1"]
[WhiteElo "1119"]
[BlackElo "1293"]
[PlyCount "116"]
[EventDate "2020.06.20"]
[EventType "team-tourn"]
[EventRounds "9"]
[EventCountry "CRO"]
[SourceTitle "EXT 2021"]
[Source "ChessBase"]
[SourceDate "2020.10.23"]
[SourceVersion "1"]
[SourceVersionDate "2020.10.23"]
[SourceQuality "1"]
[WhiteTeam "Krizevci"]
[BlackTeam "Durdevac Picok"]
[WhiteTeamCountry "CRO"]
[BlackTeamCountry "CRO"]

1. e4 c5 2. Nf3 d6 3. c3 Nf6 4. Bd3 g6 5. Bc2 Bg7 6. d3 0-0 7. Bg5 Nc6 8. Nbd2 Bd7 9. Nf1 Qb6 10. Rb1 h6 11. Be3 Ng4 12. Ng3 Nxe3 13. fxe3 Ne5 14. d4 Nc4 15. Qc1 Qa5 16. 0-0 Nb6 17. Qd2 Bg4 18. Ra1 Bxf3 19. Rxf3 Nc4 20. Qc1 b5 21. a3 Qc7 22. Bb3 Na5 23. Ba2 Rac8 24. Qd1 c4 25. Rb1 a6 26. Qe1 Qd7 27. b3 cxb3 28. Bxb3 Nxb3 29. Rxb3 Qe6 30. Rb1 Qc4 31. Rc1 Qb3 32. Ne2 Qxa3 33. Ra1 Qb3 34. Rxa6 Ra8 35. Rxa8 Rxa8 36. Rf1 Ra2 37. Nc1 Qc2 38. Nxa2 Qxa2 39. Qf2 Qe6 40. Qc2 Qg4 41. h3 Qe6 42. d5 Qc8 43. Rc1 Qc5 44. Qd3 h5 45. c4 Bh6 46. Kf2 Bg7 47. Qc2 b4 48. Qb3 e6 49. Rc2 Bc3 50. Ra2 Kg7 51. dxe6 fxe6 52. Rc2 Qe5 53. Ke2 Qxe4 54. Kf2 Qh4+ 55. Ke2 Qe1+ 56. Kd3 Qd1+ 57. Ke4 d5+ 58. cxd5 exd5+ 0-1

[Event "CRO-ch U13 Girls"]
[Site "Trogir"]
[Date "2019.06.18"]
[Round "3"]
[White "Turkalj, Ivana Emili"]
[Black "Dzoic, Dora"]
[Result "0-1"]
[WhiteElo "1736"]
[BlackElo "1127"]
[PlyCount "102"]
[EventDate "2019.06.17"]
[EventType "swiss"]
[EventRounds "9"]
[EventCountry "CRO"]
[SourceTitle "EXT 2020"]
[Source "ChessBase"]
[SourceDate "2019.10.17"]
[SourceVersion "1"]
[SourceVersionDate "2019.10.17"]
[SourceQuality "1"]

1. e4 e5 2. Nf3 Nc6 3. Bb5 Bc5 4. d3 a6 5. Ba4 b5 6. Bb3 Nf6 7. c3 d6 8. Qe2 Bg4 9. 0-0 h6 10. Be3 Bb6 11. Nbd2 0-0 12. h3 Bh5 13. Rfd1 Re8 14. Nf1 Qd7 15. Ng3 Bg6 16. Bc2 Qe7 17. Rac1 d5 18. Bxb6 cxb6 19. exd5 Nxd5 20. Re1 Rad8 21. d4 Bxc2 22. Rxc2 exd4 23. Qxe7 Ndxe7 24. cxd4 Nxd4 25. Nxd4 Rxd4 26. Rc7 Kf8 27. Rb7 Rd6 28. Ne4 Re6 29. f3 f5 30. Rd1 fxe4 31. fxe4 Ng6 32. Rd4 Nf4 33. Kh2 Rg6 34. g4 Rge6 35. e5 Ng6 36. Rdd7 R8e7 37. Rd8+ Kf7 38. Rxe7+ Rxe7 39. Rd6 Re6 40. Rd7+ Ne7 41. Kg3 Rxe5 42. Kf4 Kf6 43. h4 g5+ 44. hxg5+ hxg5+ 45. Kf3 Nd5 46. Rd6+ Ke7 47. Rg6 Re3+ 48. Kf2 Re2+ 49. Kf3 Re5 50. Rg7+ Kd6 51. Rg6+ Kc5 0-1